| 000 | 00714 a2200169 4500 | ||
|---|---|---|---|
| 003 | NUST | ||
| 005 | 20221124180836.0 | ||
| 040 | _cNust | ||
| 082 | _a530,CHA | ||
| 100 |
_aChaudhary, Z.A. _9103534 |
||
| 245 |
_aA hand book of Physics XI / _cZ.A.Chaudhary |
||
| 260 |
_aMajeed Sons _bLahore _c2009 |
||
| 300 | _a464 p.: | ||
| 505 | _aMeasurement (Page-1), Vectors And Equilibrium (Page-37), Motion and Energy (Page-149), Circular Motion(Page-187), Fluid Dynamics (Page-233), Oscillations (Page-257), Waves (Page-297), Physical Optics (Page-345), Optical Instruments (Page-383), Heat and Thermodynamics (Page-417), Things to Remember (Page-457). | ||
| 650 |
_aQuestion- Answer _9103535 |
||
| 942 |
_2ddc _cBK _k530,CHA |
||
| 999 |
_c190523 _d190523 |
||